Douglas Campbell v Argyll and Bute District Council (Record no. 49357)

MARC details
000 -LEADER
fixed length control field 01403cab a2200241 4500
001 - CONTROL NUMBER
control field E84060
008 - FIXED-LENGTH DATA ELEMENTS--GENERAL INFORMATION
fixed length control field 090401t1997 xxu||||| |||| 00| 0 eng d
035 ## - SYSTEM CONTROL NUMBER
System control number (Sirsi) u78449
041 ## - LANGUAGE CODE
Language code of text/sound track or separate title eng
245 ## - TITLE STATEMENT
Title Douglas Campbell v Argyll and Bute District Council
260 ## - PUBLICATION, DISTRIBUTION, ETC.
Date of publication, distribution, etc. 1997
350 ## - PRICE (NR) (BK AM CF MU VM SE) [OBSOLETE]
Price 0
490 ## - SERIES STATEMENT
Series statement Scottish Civil Law Reports
Volume/sequential designation 1997 SCLR 197-210(14)
520 ## - SUMMARY, ETC.
Summary, etc. Court of Session. Inner House (Extra Division). Lord Sutherland , Lord Mascfadyen and Lord Murray. 24 October 1996. Town and Country planning - outline planning permissions - subsequent grant of full planning permissions - development of parts of sites before beginning of 1969 - whether `the development` haad begun before the beginning of 1969 - whether outline planning permissions still extant - Town and Country Planning Act 1971 (c.78), Scheed.24, para 20(1) - Town and Country Planning (Scotland) Act 1972 (c.52), ss.38,39,40(1), Sched.22, paras 14,16,17(1) - Town and Country Planning (General Development)(Scotland) Prder 1950 (SI 1950-942), art.5(2).
650 ## - SUBJECT ADDED ENTRY--TOPICAL TERM
Topical term or geographic name entry element OUTLINE PLANNING PERMISSION
650 ## - SUBJECT ADDED ENTRY--TOPICAL TERM
Topical term or geographic name entry element PLANNING PERMISSIONS
650 ## - SUBJECT ADDED ENTRY--TOPICAL TERM
Topical term or geographic name entry element TOWN AND COUNTRY PLANNING (GENERAL DEVELOPMENT)(SCOTLAND) ORDER 1950
650 ## - SUBJECT ADDED ENTRY--TOPICAL TERM
Topical term or geographic name entry element TOWN AND COUNTRY PLANNING (SCOTLAND) ACT 1972
650 ## - SUBJECT ADDED ENTRY--TOPICAL TERM
Topical term or geographic name entry element TOWN AND COUNTRY PLANNING ACT 1971
690 ## - LOCAL SUBJECT ADDED ENTRY--TOPICAL TERM (OCLC, RLIN)
Topical term or geographic name as entry element PLANNING LAW AND PRACTICE-CASE LAW
942 ## - ADDED ENTRY ELEMENTS (KOHA)
Suppress in OPAC 0
948 ## - LOCAL PROCESSING INFORMATION (OCLC); SERIES PART DESIGNATOR (RLIN)
c (OCLC) 21/05/1997
Holdings
Withdrawn status Lost status Source of classification or shelving scheme Damaged status Not for loan Home library Current library Shelving location Date acquired Total Checkouts Full call number Barcode Date last seen Copy number Price effective from Koha item type
    Dewey Decimal Classification     London London Journal article 14/09/1999   E84060 78449-1001 06/08/2019 1 06/08/2019 Law report